[Event "Pernambuco-ch"]
[Site "Olinda"]
[Date "2017.01.??"]
[Round "4"]
[White "De Almeida Jr, Benone Lopes"]
[Black "Da Silva, Anderson Vieira"]
[Result "1-0"]
[WhiteElo "2179"]
[BlackElo "1754"]
[PlyCount "47"]
[EventDate "2017.01.13"]
[EventType "tourn"]
[EventRounds "9"]
[EventCountry "BRA"]
[SourceTitle "EXT 2022"]
[Source "ChessBase"]
[SourceDate "2021.10.06"]
[SourceVersion "1"]
[SourceVersionDate "2021.10.06"]
[SourceQuality "1"]

1. c4 e5 2. g3 g6 3. d4 e4 4. Nc3 Nf6 5. Bg5 Bb4 6. Bg2 d5 7. Qa4+ Nc6 8. cxd5 Qxd5 9. Bxf6 Bxc3+ 10. bxc3 0-0 11. h4 Qf5 12. Bg5 Qd5 13. Be3 Na5 14. Nh3 Bd7 15. Nf4 Qf5 16. Qb4 Nc6 17. Qb1 Qa5 18. Qc2 Bf5 19. 0-0 Rae8 20. Rab1 b5 21. a4 bxa4 22. Ra1 a3 23. Qb3 Be6 24. d5 1-0

[Event "Joao Pessoa op 6th"]
[Site "Joao Pessoa"]
[Date "2015.03.14"]
[Round "3"]
[White "De Almeida Jr, Benone Lopes"]
[Black "Dantas, Francisco"]
[Result "1-0"]
[WhiteElo "2171"]
[BlackElo "1962"]
[PlyCount "79"]
[EventDate "2015.03.13"]
[EventType "swiss"]
[EventRounds "6"]
[EventCountry "BRA"]
[SourceTitle "CBM 165 Extra"]
[Source "ChessBase"]
[SourceDate "2015.04.21"]
[SourceVersion "1"]
[SourceVersionDate "2015.04.21"]
[SourceQuality "1"]

1. c4 e5 2. Nc3 Nf6 3. e4 Bc5 4. g3 d6 5. h3 Nc6 6. d3 a6 7. Bg2 h6 8. Nge2 0-0 9. 0-0 Be6 10. Kh2 Nd4 11. Rb1 Ba7 12. b4 c6 13. f4 Qc7 14. fxe5 dxe5 15. Bxh6 Ng4+ 16. hxg4 gxh6 17. Qd2 Kg7 18. Nxd4 Bxd4 19. Ne2 Ba7 20. Ng1 Rad8 21. c5 f6 22. Nf3 Bxg4 23. Nh4 Qf7 24. Bh3 Bxh3 25. Kxh3 Rh8 26. Qe2 h5 27. Rf3 Qd7+ 28. Kg2 Qg4 29. Rbf1 Rhf8 30. Nf5+ Kh7 31. Ne3 Qg6 32. Rf5 Kg7 33. Rxh5 Rh8 34. Rfh1 Rxh5 35. Rxh5 Kf7 36. Nf5 Bb8 37. a4 Ke6 38. Qa2+ Kd7 39. Rh6 Qe8 40. Rh7+ 1-0

[Event "Joao Pessoa op 6th"]
[Site "Joao Pessoa"]
[Date "2015.03.14"]
[Round "4"]
[White "Lemos, Doriedson"]
[Black "De Almeida Jr, Benone Lopes"]
[Result "0-1"]
[WhiteElo "2082"]
[BlackElo "2171"]
[PlyCount "60"]
[EventDate "2015.03.13"]
[EventType "swiss"]
[EventRounds "6"]
[EventCountry "BRA"]
[SourceTitle "CBM 165 Extra"]
[Source "ChessBase"]
[SourceDate "2015.04.21"]
[SourceVersion "1"]
[SourceVersionDate "2015.04.21"]
[SourceQuality "1"]

1. d4 Nf6 2. c4 c5 3. Nf3 g6 4. Nc3 Bg7 5. g3 0-0 6. Bg2 Nc6 7. 0-0 cxd4 8. Nxd4 Qb6 9. Nc2 d6 10. Ne3 Be6 11. Rb1 Qc5 12. b4 Qh5 13. Ncd5 Ng4 14. h3 Nxe3 15. Bxe3 Bxd5 16. cxd5 Ne5 17. g4 Qh4 18. Qb3 b5 19. f4 Nc4 20. Rf3 Qf6 21. Rd1 Nxe3 22. Qxe3 Rfc8 23. g5 Qb2 24. Qxe7 Re8 25. Qb7 Qxe2 26. Rdf1 Bd4+ 27. Kh1 Rac8 28. Qd7 Rc2 29. Rg3 Re3 30. f5 Qxg2+ 0-1

[Event "Joao Pessoa op 6th"]
[Site "Joao Pessoa"]
[Date "2015.03.13"]
[Round "2"]
[White "Chang, Suzana"]
[Black "De Almeida Jr, Benone Lopes"]
[Result "1/2-1/2"]
[WhiteElo "1969"]
[BlackElo "2171"]
[PlyCount "82"]
[EventDate "2015.03.13"]
[EventType "swiss"]
[EventRounds "6"]
[EventCountry "BRA"]
[SourceTitle "CBM 165 Extra"]
[Source "ChessBase"]
[SourceDate "2015.04.21"]
[SourceVersion "1"]
[SourceVersionDate "2015.04.21"]
[SourceQuality "1"]

1. d4 g6 2. e4 Bg7 3. Nf3 d6 4. h3 Nf6 5. Nc3 c6 6. a4 a5 7. Be2 0-0 8. 0-0 e5 9. dxe5 dxe5 10. Qxd8 Rxd8 11. Be3 Nbd7 12. Rfd1 Re8 13. Nd2 Nf8 14. Nc4 Ne6 15. Nd6 Re7 16. Bc4 Ne8 17. Nxc8 Rxc8 18. Bxe6 Rxe6 19. Rd7 b6 20. Rb7 Nd6 21. Rxb6 Nc4 22. Ra6 Nxb2 23. Rxa5 Nc4 24. Rc5 Nxe3 25. fxe3 Bf8 26. Rc4 Rb8 27. a5 Ra8 28. a6 Ra7 29. Ra5 Be7 30. Kf2 Kf8 31. Ke2 Ke8 32. Na2 Kd7 33. Nb4 c5 34. Nd3 f6 35. Nxc5+ Bxc5 36. Rcxc5 Rexa6 37. Rxa6 Rxa6 38. Kf3 Ra1 39. Rd5+ Ke7 40. Rc5 Kd7 41. Rd5+ Ke7 1/2-1/2

[Event "Joao Pessoa op 5th"]
[Site "Joao Pessoa"]
[Date "2014.03.15"]
[Round "4"]
[White "Camara, Jose Arruda"]
[Black "De Almeida Jr, Benone Lopes"]
[Result "1/2-1/2"]
[WhiteElo "1924"]
[BlackElo "2195"]
[PlyCount "98"]
[EventDate "2014.03.14"]
[EventType "swiss"]
[EventRounds "6"]
[EventCountry "BRA"]
[SourceTitle "CBM 159 Extra"]
[Source "ChessBase"]
[SourceDate "2014.04.24"]
[SourceVersion "1"]
[SourceVersionDate "2014.04.24"]
[SourceQuality "1"]

1. e4 c5 2. Nf3 Nc6 3. d4 cxd4 4. Nxd4 Nf6 5. Nc3 e5 6. Ndb5 d6 7. Bg5 a6 8. Na3 b5 9. Bxf6 gxf6 10. Nd5 Bg7 11. c3 f5 12. exf5 Bxf5 13. Nc2 0-0 14. h4 Be6 15. g4 e4 16. Nce3 Ne5 17. Be2 Kh8 18. Qc2 f5 19. gxf5 Bxf5 20. Nxf5 Rxf5 21. Qxe4 Qf8 22. Nc7 Ra7 23. Ne6 Qf6 24. Ng5 Bh6 25. 0-0-0 Rxf2 26. Kb1 Qg6 27. Bd3 Bxg5 28. hxg5 Qxe4 29. Bxe4 Nc4 30. Bc2 Ne3 31. Rc1 Rg7 32. Rh6 Rxg5 33. Rxh7+ Kg8 34. Rd7 Nxc2 35. Rxc2 Rg1+ 36. Rc1 Rgg2 37. Rd1 Rxb2+ 38. Ka1 Rxa2+ 39. Kb1 Rab2+ 40. Ka1 Rbc2 41. R7xd6 a5 42. Rb6 Ra2+ 43. Kb1 Rgb2+ 44. Kc1 a4 45. Rb7 Rc2+ 46. Kb1 Rab2+ 47. Ka1 Ra2+ 48. Kb1 Rab2+ 49. Ka1 Ra2+ 1/2-1/2

[Event "Pernambuco-ch 2013"]
[Site "Garanhuns"]
[Date "2014.02.02"]
[Round "6"]
[White "Coelho, Ramyres Santana"]
[Black "De Almeida Jr, Benone Lopes"]
[Result "0-1"]
[WhiteElo "1882"]
[BlackElo "2204"]
[PlyCount "102"]
[EventDate "2014.01.31"]
[EventType "swiss"]
[EventRounds "6"]
[EventCountry "BRA"]
[SourceTitle "EXT 2018"]
[Source "ChessBase"]
[SourceDate "2017.10.13"]
[SourceVersion "1"]
[SourceVersionDate "2017.10.13"]
[SourceQuality "1"]

1. d4 c5 2. c3 Qa5 3. dxc5 Qxc5 4. e4 Nf6 5. Bd3 Nc6 6. Be3 Qa5 7. f4 d5 8. e5 Ng4 9. Qf3 Nxe3 10. Qxe3 e6 11. Nf3 Bc5 12. Qd2 Qb6 13. Qc2 Bd7 14. a3 a5 15. a4 Rc8 16. Qe2 Be3 17. g3 g6 18. Na3 Na7 19. Bb5 Nxb5 20. Nxb5 Bxb5 21. Qxb5+ Qxb5 22. axb5 Bb6 23. Kd2 Ke7 24. Kd3 h5 25. b3 Rc5 26. Nd4 Rhc8 27. Rhc1 h4 28. g4 h3 29. Ra4 Rh8 30. Rf1 Rh4 31. g5 Rc7 32. Rf3 Kd7 33. Ne2 Rc8 34. Ra1 Rch8 35. Raf1 Kc7 36. Rg3 Bc5 37. Rff3 Kb6 38. c4 dxc4+ 39. bxc4 Bb4 40. Nc3 Rd8+ 41. Kc2 Kc5 42. Kb3 Bxc3 43. Rxc3 Rxf4 44. Rxh3 Rdd4 45. Rh7 Rde4 46. Rh8 a4+ 47. Kxa4 Rxc4+ 48. Rxc4+ Rxc4+ 49. Ka5 b6+ 50. Ka6 Ra4+ 51. Kb7 Kxb5 0-1

[Event "Pernambuco-ch 2013"]
[Site "Garanhuns"]
[Date "2014.02.01"]
[Round "4"]
[White "Souza, Rafael Cabral de"]
[Black "De Almeida Jr, Benone Lopes"]
[Result "1-0"]
[WhiteElo "2087"]
[BlackElo "2204"]
[PlyCount "113"]
[EventDate "2014.01.31"]
[EventType "swiss"]
[EventRounds "6"]
[EventCountry "BRA"]
[SourceTitle "EXT 2018"]
[Source "ChessBase"]
[SourceDate "2017.10.13"]
[SourceVersion "1"]
[SourceVersionDate "2017.10.13"]
[SourceQuality "1"]

1. e4 e5 2. Nf3 Nc6 3. Bb5 Nf6 4. d3 Bc5 5. c3 d6 6. Nbd2 a6 7. Ba4 b5 8. Bc2 0-0 9. 0-0 d5 10. Re1 Re8 11. Qe2 h6 12. h3 Be6 13. Nxe5 Nxe5 14. d4 Nxe4 15. Nxe4 dxe4 16. dxe5 Bf5 17. Bf4 Qh4 18. g3 Qxh3 19. Bxe4 Rad8 20. Bg2 Qg4 21. Bf3 Qh3 22. Rad1 Rxd1 23. Qxd1 g5 24. Be3 Be7 25. Qd5 h5 26. Qc6 Bd7 27. Qxa6 h4 28. Qh6 hxg3 29. Qxh3 gxf2+ 30. Kxf2 Bxh3 31. Rg1 Kf8 32. Bc6 Rb8 33. Bxg5 Bxg5 34. Rxg5 Be6 35. a3 Ke7 36. Ke3 Rb6 37. Be4 c5 38. Rg8 f5 39. exf6+ Kxf6 40. Rg6+ Ke5 41. Rg7 b4 42. cxb4 cxb4 43. a4 Ra6 44. a5 Kf6 45. Rg6+ Ke5 46. Bd3 Rd6 47. Rg5+ Kf6 48. Rb5 Ra6 49. Rf5+ Bxf5 50. Bxa6 Ke5 51. Bb7 Kd6 52. Kd4 Be6 53. a6 Kc7 54. Kc5 b3 55. Bd5 Bc8 56. a7 Bb7 57. a8Q 1-0

[Event "Pernambucano-ch"]
[Site "Recife"]
[Date "2012.12.26"]
[Round "1"]
[White "De Almeida Jr, Benone Lopes"]
[Black "Bouwman, Marcelo Wanderley"]
[Result "1/2-1/2"]
[WhiteElo "2193"]
[BlackElo "2201"]
[PlyCount "82"]
[EventDate "2012.12.21"]
[EventType "tourn"]
[EventRounds "9"]
[EventCountry "BRA"]
[SourceTitle "EXT 2022"]
[Source "ChessBase"]
[SourceDate "2021.10.06"]
[SourceVersion "1"]
[SourceVersionDate "2021.10.06"]
[SourceQuality "1"]

1. Nf3 e6 2. c4 f5 3. g3 Nf6 4. Bg2 d5 5. 0-0 c6 6. d3 Be7 7. b3 0-0 8. Bb2 Ng4 9. Qc2 f4 10. Nbd2 fxg3 11. hxg3 Bf6 12. e4 d4 13. Nh2 h5 14. c5 Nd7 15. Ndf3 Nde5 16. Nxe5 Bxe5 17. Nf3 Bf6 18. Qc4 Kh8 19. e5 Nxe5 20. Nxe5 Bxe5 21. Rae1 Bf6 22. f4 Re8 23. Re4 b5 24. cxb6 axb6 25. Bxd4 Ba6 26. Qc3 Bxd4+ 27. Qxd4 Bxd3 28. Qe5 Ra5 29. Qb2 Bxe4 30. Bxe4 Qd6 31. b4 Ra4 32. Qe2 Qd4+ 33. Kh1 g6 34. Bxc6 Rea8 35. Bxa8 Rxa8 36. Qxe6 Qd3 37. Kg2 Ra3 38. Qf6+ Kg8 39. Qe6+ Kh8 40. Qe8+ Kg7 41. Qe7+ Kg8 1/2-1/2

[Event "Pernambucano-ch"]
[Site "Recife"]
[Date "2012.12.26"]
[Round "4"]
[White "De Almeida Jr, Benone Lopes"]
[Black "De Moura, Sergio Jovelino"]
[Result "0-1"]
[WhiteElo "2194"]
[BlackElo "2101"]
[PlyCount "112"]
[EventDate "2012.12.21"]
[EventType "tourn"]
[EventRounds "9"]
[EventCountry "BRA"]
[SourceTitle "EXT 2022"]
[Source "ChessBase"]
[SourceDate "2021.10.06"]
[SourceVersion "1"]
[SourceVersionDate "2021.10.06"]
[SourceQuality "1"]

1. e4 c5 2. Nc3 Nc6 3. f4 g6 4. Nf3 Bg7 5. Bc4 e6 6. 0-0 Nge7 7. d3 d5 8. Bb5 0-0 9. Bxc6 Nxc6 10. e5 a6 11. a4 Rb8 12. Bd2 Qc7 13. Be1 Ne7 14. d4 Nf5 15. Bf2 cxd4 16. Nxd4 Nxd4 17. Bxd4 b6 18. Qd2 f6 19. Rae1 fxe5 20. Bxe5 Bxe5 21. Rxe5 Qc5+ 22. Kh1 Qc4 23. Ree1 Rb7 24. Ne2 Qxa4 25. Nd4 Rbf7 26. Rf3 Qe8 27. Re5 Rf6 28. g3 Qa4 29. Ra3 Qc4 30. Kg2 Qc7 31. Rc3 Qb7 32. Rce3 b5 33. Qa5 Bd7 34. Ra3 Ra8 35. Qb4 Qb6 36. Nb3 Rc8 37. c3 Rc7 38. Nd4 Bc8 39. Ra1 Rc5 40. Rae1 a5 41. Qa3 Bd7 42. Nxe6 b4 43. Nxc5 bxa3 44. Nxd7 Qxb2+ 45. R1e2 Rf7 46. Nc5 Qxc3 47. Rxd5 Qc4 48. Red2 Re7 49. Nd7 Re2+ 50. Kh3 Rxd2 51. Rxd2 Qe6+ 52. Kh4 a2 53. Kg5 a1Q 54. Ne5 Qe7+ 55. Kh6 Qf1 56. h4 Qxh4+ 0-1

[Event "Recife-ch 2nd"]
[Site "Recife"]
[Date "2009.05.27"]
[Round "10.6"]
[White "Barbosa, Evandro Amorim"]
[Black "De Almeida Jr, Benone Lopes"]
[Result "1-0"]
[WhiteElo "2254"]
[BlackElo "2183"]
[PlyCount "75"]
[EventDate "2009.05.22"]
[EventType "tourn"]
[EventRounds "12"]
[EventCountry "BRA"]
[SourceTitle "EXT 2022"]
[Source "ChessBase"]
[SourceDate "2021.10.06"]
[SourceVersion "1"]
[SourceVersionDate "2021.10.06"]
[SourceQuality "1"]

1. e4 c5 2. Nf3 Nc6 3. d4 cxd4 4. Nxd4 Nf6 5. Nc3 e5 6. Ndb5 d6 7. Bg5 a6 8. Na3 b5 9. Nd5 Qa5+ 10. Bd2 Qd8 11. Nxf6+ gxf6 12. c4 b4 13. Nc2 a5 14. Bd3 Bg7 15. 0-0 0-0 16. Ne3 Ne7 17. a3 bxa3 18. Rxa3 Bd7 19. b3 Qb6 20. Qa1 Nc6 21. Nd5 Qd4 22. Qxd4 Nxd4 23. Nb6 Ra7 24. b4 Be6 25. bxa5 f5 26. exf5 Bxf5 27. Bxf5 Nxf5 28. Bc3 Rb8 29. Rb1 e4 30. Bxg7 Kxg7 31. Kf1 Nd4 32. Rd1 Nc6 33. Rxd6 Nxa5 34. c5 Nb7 35. Rxa7 Nxd6 36. Ra5 f5 37. Ra7+ Kg6 38. Ra6 1-0

[Event "Recife-ch 2nd"]
[Site "Recife"]
[Date "2009.05.24"]
[Round "4.3"]
[White "Gomez, Gustavo Pizzocaro"]
[Black "De Almeida Jr, Benone Lopes"]
[Result "0-1"]
[WhiteElo "2173"]
[BlackElo "2183"]
[PlyCount "76"]
[EventDate "2009.05.22"]
[EventType "tourn"]
[EventRounds "12"]
[EventCountry "BRA"]
[SourceTitle "EXT 2022"]
[Source "ChessBase"]
[SourceDate "2021.10.06"]
[SourceVersion "1"]
[SourceVersionDate "2021.10.06"]
[SourceQuality "1"]

1. d4 Nf6 2. Bg5 c5 3. Bxf6 gxf6 4. d5 Qb6 5. Qc1 d6 6. c4 Bg4 7. Nc3 Nd7 8. f4 f5 9. h3 Bh5 10. e4 e6 11. exf5 exf5 12. g4 fxg4 13. Qe3+ Kd8 14. 0-0-0 a6 15. Qg3 Nf6 16. Re1 Qc7 17. hxg4 Bxg4 18. Ne4 Nxe4 19. Rxe4 Qd7 20. Bh3 Bxh3 21. Nxh3 Kc7 22. Rhe1 b5 23. Qh4 Kb6 24. Qf6 Rg8 25. Ng5 Rg6 26. Qxf7 Qxf7 27. Nxf7 Rf6 28. Ng5 bxc4 29. Nxh7 Rf5 30. Rg1 Bh6 31. Kc2 Rxf4 32. Re6 Rf2+ 33. Kc3 Bf4 34. Rgg6 Kb5 35. a4+ Kxa4 36. Kxc4 Rb8 37. Rg1 Rb4+ 38. Kd3 Rd4+ 0-1

[Event "Recife-ch 2nd"]
[Site "Recife"]
[Date "2009.05.23"]
[Round "3.5"]
[White "De Almeida Jr, Benone Lopes"]
[Black "Silveira Filho, Neri da Silva"]
[Result "1/2-1/2"]
[WhiteElo "2183"]
[BlackElo "2264"]
[PlyCount "49"]
[EventDate "2009.05.22"]
[EventType "tourn"]
[EventRounds "12"]
[EventCountry "BRA"]
[SourceTitle "EXT 2022"]
[Source "ChessBase"]
[SourceDate "2021.10.06"]
[SourceVersion "1"]
[SourceVersionDate "2021.10.06"]
[SourceQuality "1"]

1. e4 g6 2. d4 Bg7 3. Nc3 d6 4. f4 c6 5. Nf3 Bg4 6. Be2 Qb6 7. e5 Nh6 8. Nd2 Be6 9. Nf3 Nd7 10. a3 0-0-0 11. Na4 Qc7 12. exd6 Qxd6 13. Be3 Nf5 14. Qd2 Nxe3 15. Qxe3 Nf6 16. d5 Nxd5 17. Qxa7 Qb8 18. Qc5 Qxf4 19. Qa7 Ne3 20. Nb6+ Kc7 21. Qa5 Nxg2+ 22. Kf1 Ne3+ 23. Kf2 Ng4+ 24. Kg2 Ne3+ 25. Kf2 1/2-1/2

[Event "Pernambucano-ch"]
[Site "Recife"]
[Date "2008.10.22"]
[Round "5.1"]
[White "De Almeida Jr, Benone Lopes"]
[Black "Miranda, Roberto Calheiros J"]
[Result "0-1"]
[WhiteElo "2150"]
[BlackElo "2216"]
[PlyCount "104"]
[EventDate "2008.10.18"]
[EventType "tourn"]
[EventRounds "11"]
[EventCountry "BRA"]
[SourceTitle "EXT 2022"]
[Source "ChessBase"]
[SourceDate "2021.10.06"]
[SourceVersion "1"]
[SourceVersionDate "2021.10.06"]
[SourceQuality "1"]

1. Nf3 Nf6 2. g3 b6 3. Bg2 Bb7 4. 0-0 g6 5. d3 Bg7 6. e4 d6 7. a4 0-0 8. h3 Nbd7 9. Be3 c5 10. Qd2 c4 11. a5 cxd3 12. cxd3 Nc5 13. Ra3 bxa5 14. e5 Nd5 15. Bh6 dxe5 16. Bxg7 Kxg7 17. Nxe5 Nf6 18. Qxa5 Bxg2 19. Kxg2 Qd5+ 20. Nf3 Rfd8 21. d4 Ne6 22. Qxd5 Nxd5 23. Nc3 Nb4 24. Rd1 Nc7 25. Ra4 Rdb8 26. Ne5 Nbd5 27. Rda1 Rxb2 28. Nxd5 Nxd5 29. Rxa7 Rc8 30. R1a5 Ne3+ 31. Kf3 Nf5 32. Ra2 Rxa2 33. Rxa2 Nxd4+ 34. Kg2 Rc7 35. Rd2 Nf5 36. Rb2 f6 37. Nf3 e5 38. g4 Nd4 39. g5 Nxf3 40. gxf6+ Kxf6 41. Kxf3 Kf5 42. Rb3 Rd7 43. Kg3 h5 44. Rf3+ Ke6 45. Kh4 Rf7 46. Rxf7 Kxf7 47. Kg5 Kg7 48. f3 Kf7 49. Kh6 Kf6 50. h4 Kf5 51. Kg7 g5 52. hxg5 Kxg5 0-1

[Event "BRA-ch sf"]
[Site "Recife"]
[Date "2007.11.03"]
[Round "4"]
[White "De Almeida Jr, Benone Lopes"]
[Black "Guimaraes, Diogo Duarte"]
[Result "0-1"]
[WhiteElo "2194"]
[BlackElo "2191"]
[PlyCount "108"]
[EventDate "2007.11.01"]
[EventType "swiss"]
[EventCountry "BRA"]
[SourceTitle "EXT 2022"]
[Source "ChessBase"]
[SourceDate "2021.10.06"]
[SourceVersion "1"]
[SourceVersionDate "2021.10.06"]
[SourceQuality "1"]

1. Nf3 d5 2. d4 Nf6 3. g3 c6 4. Bg2 g6 5. 0-0 Bg7 6. c4 0-0 7. cxd5 cxd5 8. Bf4 Qb6 9. Qc1 Nc6 10. e3 Bf5 11. Nc3 Rfd8 12. a3 Rac8 13. Na4 Qb5 14. Nc3 Qb6 15. Na4 Qb3 16. Nc5 Qb5 17. Rd1 Na5 18. Bf1 Qe8 19. Qd2 b6 20. Qe1 Bg4 21. Bg2 Ne4 22. h3 Bxf3 23. Bxf3 Nxc5 24. b4 Ncb7 25. bxa5 Nxa5 26. Rac1 e6 27. Be2 Nc4 28. h4 Qa4 29. Qb4 b5 30. Rb1 Qxb4 31. axb4 Bf8 32. Ra1 Rd7 33. Rdb1 Rc6 34. Ra2 a6 35. Kg2 Ra7 36. h5 Be7 37. hxg6 hxg6 38. g4 Kf8 39. Bb8 Ra8 40. Bf4 Ke8 41. Rh1 Bxb4 42. Rh8+ Bf8 43. Bh6 Ke7 44. Bg5+ Kd7 45. Bh6 Rcc8 46. Rxf8 Rxf8 47. Bxf8 Rxf8 48. Rxa6 Kc7 49. g5 Rb8 50. Ra7+ Rb7 51. Rxb7+ Kxb7 52. Kg3 Kc7 53. e4 b4 54. f4 Nd6 0-1

[Event "BRA-ch sf"]
[Site "Recife"]
[Date "2007.11.03"]
[Round "5"]
[White "Santos Neto, Francisco Jose"]
[Black "De Almeida Jr, Benone Lopes"]
[Result "1-0"]
[WhiteElo "2201"]
[BlackElo "2194"]
[PlyCount "119"]
[EventDate "2007.11.01"]
[EventType "swiss"]
[EventCountry "BRA"]
[SourceTitle "EXT 2022"]
[Source "ChessBase"]
[SourceDate "2021.10.06"]
[SourceVersion "1"]
[SourceVersionDate "2021.10.06"]
[SourceQuality "1"]

1. Nf3 Nf6 2. d4 g6 3. h3 Bg7 4. Bf4 c5 5. e3 Qb6 6. Qc1 d6 7. c3 Bf5 8. Na3 Nbd7 9. Be2 0-0 10. 0-0 Rac8 11. Re1 Rfe8 12. g4 Be4 13. Ng5 e5 14. Nc4 Qc7 15. dxe5 dxe5 16. Bh2 b5 17. Nd2 Bc6 18. Qc2 Qb7 19. Qb3 c4 20. Nxc4 bxc4 21. Bxc4 Re7 22. Bxf7+ Kh8 23. Qxb7 Bxb7 24. Bb3 Ne4 25. Nf7+ Rxf7 26. Bxf7 Ng5 27. Red1 Nb6 28. Bb3 Nxh3+ 29. Kf1 Bf3 30. Rd6 Bxg4 31. Be6 Bxe6 32. Rxe6 Ng5 33. Re7 Nf3 34. Bg3 Rd8 35. Ke2 Rf8 36. Rd1 h5 37. Rxa7 h4 38. Bxh4 Nxh4 39. Rb7 Rf6 40. Rd8+ Kh7 41. b3 e4 42. c4 Rc6 43. Rd4 Kh6 44. Rxe4 Nf5 45. c5 Nd5 46. Rc4 Nc3+ 47. Kd3 Nxa2 48. Ra7 Nc3 49. Rxg7 Nd1 50. Rd7 Nxf2+ 51. Ke2 Nh3 52. b4 Ra6 53. c6 Ra2+ 54. Kd3 Nf2+ 55. Kc3 Nxe3 56. Kb3 Ra8 57. c7 Nxc4 58. Kxc4 Rc8 59. b5 Nd1 60. b6 1-0

[Event "Natal Potiguar 2nd op"]
[Site "Natal"]
[Date "2007.07.22"]
[Round "7.3"]
[White "Torres, Douglas da Silva"]
[Black "De Almeida Jr, Benone Lopes"]
[Result "0-1"]
[WhiteElo "2089"]
[BlackElo "2170"]
[PlyCount "32"]
[EventDate "2007.07.20"]
[EventType "swiss"]
[EventRounds "7"]
[EventCountry "BRA"]
[SourceTitle "EXT 2022"]
[Source "ChessBase"]
[SourceDate "2021.10.06"]
[SourceVersion "1"]
[SourceVersionDate "2021.10.06"]
[SourceQuality "1"]

1. c4 Nf6 2. Nc3 g6 3. e4 d6 4. d4 Bg7 5. f3 0-0 6. Be3 Nc6 7. Qd2 e5 8. Nge2 a6 9. d5 Ne7 10. 0-0-0 b5 11. Ng3 Bd7 12. h4 h5 13. Bh6 Qb8 14. Bxg7 Kxg7 15. Kb1 Qb6 16. Be2 b4 0-1

[Event "Natal Potiguar 2nd op"]
[Site "Natal"]
[Date "2007.07.21"]
[Round "3.1"]
[White "De Almeida Jr, Benone Lopes"]
[Black "Brito, Luismar Jorge"]
[Result "1/2-1/2"]
[WhiteElo "2170"]
[BlackElo "2297"]
[PlyCount "26"]
[EventDate "2007.07.20"]
[EventType "swiss"]
[EventRounds "7"]
[EventCountry "BRA"]
[SourceTitle "EXT 2022"]
[Source "ChessBase"]
[SourceDate "2021.10.06"]
[SourceVersion "1"]
[SourceVersionDate "2021.10.06"]
[SourceQuality "1"]

1. Nf3 b6 2. g3 Bb7 3. Bg2 e6 4. 0-0 Be7 5. c4 Nf6 6. Nc3 0-0 7. d3 d6 8. e4 Nbd7 9. a3 Ne5 10. Ne1 c5 11. f4 Nc6 12. Nc2 Nd7 13. b3 Nd4 1/2-1/2

[Event "Natal Potiguar 2nd op"]
[Site "Natal"]
[Date "2007.07.21"]
[Round "4.2"]
[White "Miranda, Roberto Calheiros J"]
[Black "De Almeida Jr, Benone Lopes"]
[Result "1/2-1/2"]
[WhiteElo "2205"]
[BlackElo "2170"]
[PlyCount "78"]
[EventDate "2007.07.20"]
[EventType "swiss"]
[EventRounds "7"]
[EventCountry "BRA"]
[SourceTitle "EXT 2022"]
[Source "ChessBase"]
[SourceDate "2021.10.06"]
[SourceVersion "1"]
[SourceVersionDate "2021.10.06"]
[SourceQuality "1"]

1. f4 d5 2. Nf3 Nf6 3. e3 g6 4. b3 Bg7 5. Bb2 0-0 6. c4 c6 7. Bd3 Na6 8. cxd5 Nb4 9. Be2 Bf5 10. Nd4 Qxd5 11. Nxf5 Qxf5 12. 0-0 Rad8 13. a3 Nd3 14. Bd4 h5 15. Qc2 Nxf4 16. Qxf5 Nxe2+ 17. Kf2 gxf5 18. Kxe2 e6 19. Ra2 Nd7 20. Bxg7 Kxg7 21. Rc2 Ne5 22. d4 Ng4 23. h3 Nf6 24. Nc3 Rg8 25. Rf4 Kf8 26. Kf1 Ke7 27. Rcf2 Rg3 28. R4f3 Rxf3 29. Rxf3 b6 30. Ke2 Nd5 31. Nxd5+ Rxd5 32. Kd3 Ra5 33. a4 Rd5 34. Rf4 Rd8 35. Rh4 Rg8 36. Rxh5 Rxg2 37. Rh8 Rb2 38. Kc4 Rc2+ 39. Kd3 Rb2 1/2-1/2